000 00875nam a22002897a 4500
001 BR9703685
003 BR-BrBNA
005 20230928095711.0
007 ta
008 230509b bl.||||| |||| 00| 0 por d
040 _aBR-BrBNA
_bpor
_cBiblioteca Nacional de Agricultura
041 _a(Por)
072 _aH20
_b1540
_b4020
_b4120
090 _ 1540 BR9703685
100 1 _aFarias, A.R.N.
100 1 _aSantos Filho, H.P.
110 1 _aCentro Nacional de Pesquisa de Mandioca e Fruticultura, Cruz das Almas, BA (Brasil)
_91783
245 1 _aControle biologico da mosca branca da mandioca com o fungo Cladosporium cladosporioides
260 3 _aCruz das Almas, BA (Brasil):
_c1996.
300 _a20 p.
650 _aMosca Branca
650 _aMandioca
650 _aFungo
650 _aControle Biologico
909 _a202309
_bLucia
_c55
_dLucia Elande
942 _cBK
999 _c58160
_d58160